| 000 | 00564nam a2200193 a 4500 | ||
|---|---|---|---|
| 005 | 20250524063828.0 | ||
| 008 | 991125s1968 bue 000 0 spa u | ||
| 035 | _aUPN01000021304 | ||
| 049 | _aCG | ||
| 050 | 4 | _aLB2846 M4.38 | |
| 100 | 1 | _aMeyer, Donald L. | |
| 245 | 1 | 4 |
_aLas estadísticas de la educación / _cDonald L. Meyer ; tr. Enrique Molina de Vadia |
| 260 |
_aBuenos Aires : _bTroquel, _c1968 |
||
| 300 | _a138 p | ||
| 440 | 0 | _aBiblioteca de la nueva educación | |
| 650 | 4 |
_aEducación _vEstadística _97284 |
|
| 904 |
_aAC _b021305 |
||
| 905 | _aLibro | ||
| 999 |
_c21304 _d21304 |
||